Viu el Parc! [Objecte]
Publicado:
Barcelona :
Diputació de Barcelona. Àrea de Territori i Sostenibilitat. Xarxa de Parcs Naturals, [2011?]
Descripción Física:
1 adhesiu : col. ; 10 x 28 cm
MARC
| LEADER | 00000nam a2200000Ia 4500 | ||
|---|---|---|---|
| 001 | 23400 | ||
| 008 | 160829s9999 xx 000 0 cat d | ||
| 080 | |a NBM-4-21 | ||
| 245 | |a Viu el Parc! [Objecte] | ||
| 260 | |a Barcelona : |b Diputació de Barcelona. Àrea de Territori i Sostenibilitat. Xarxa de Parcs Naturals, [2011?] | ||
| 300 | |a 1 adhesiu : |b col. ; |c 10 x 28 cm | ||
| 590 | |a Apareixen els noms dels parcs: Parc Natural de Sant Llorenç del Munt i l'Obac, Parc Natural del Montseny, Parc del Garrraf, d'Olèrdola i del Foix, Parc del Montnegre i el Corredor, Parc del Castell de Montesquiu, Parc de la Serralada de Marina, Parc de la Serralada Litoral, Espai Natural de les Guilleries - Savassona | ||
| 710 | 1 | |a Barcelona (Catalunya : Província). |b Xarxa de Parcs Naturals |9 7250 | |
| 901 | |a Arxiu | ||
| 942 | |n 1 | ||
| 952 | |0 0 |1 0 |4 0 |6 NBM421 |7 1 |9 54849 |a Arxiu |b Arxiu |d 2012-03-05 |l 0 |o NBM-4-21 |p 23400 |r 2016-12-01 00:00:00 |w 2016-12-01 |y ARXIU | ||
| 999 | |c 58719 |d 58719 | ||